[Event "Championnat de France 2006 - Vétérans"]
[Site "BESANCON"]
[Date "2006.08.18"]
[Round "4.5"]
[White "Peyrin, Jean"]
[Black "Deveau, Henri"]
[Result "1-0"]
[WhiteElo "2004"]
[BlackElo "1848"]
[PlyCount "89"]
[EventDate "2006.??.??"]

1. d4 d5 2. Nf3 Nf6 3. c4 e6 4. Nc3 c6 5. cxd5 cxd5 6. Bf4 Bd6 7. Bg3 Bxg3 8.
hxg3 Bd7 9. e3 Nc6 10. Bd3 h6 11. Rc1 a6 12. a3 Qe7 13. Na4 e5 14. Nxe5 Nxe5
15. dxe5 Qxe5 16. Nb6 Rd8 17. Nxd7 Nxd7 18. Qb3 b5 19. O-O O-O 20. Rfd1 Rc8 21.
Qb4 Nf6 22. Be2 Qe6 23. Bf3 Rxc1 24. Rxc1 Rc8 25. Rc5 Rxc5 26. Qxc5 Qe5 27. Qd4
Qxd4 28. exd4 a5 29. b4 axb4 30. axb4 Kf8 31. Be2 Ne4 32. Bxb5 Ke7 33. Bd3 Nc3
34. Kf1 Kd6 35. Ke1 Kc6 36. Kd2 Na2 37. b5+ Kb6 38. Be2 f6 39. Kc2 Nb4+ 40. Kb3
Ka5 41. g4 g6 42. g3 f5 43. gxf5 gxf5 44. f4 h5 45. Bf1 1-0

[Event "Championnat de France 2006 - Accession"]
[Site "BESANCON"]
[Date "2006.08.19"]
[Round "5.1"]
[White "Benitah, Yohan"]
[Black "Edouard, Romain"]
[Result "1/2-1/2"]
[WhiteElo "2406"]
[BlackElo "2404"]
[PlyCount "32"]
[EventDate "2006.??.??"]

1. d4 Nf6 2. c4 c5 3. d5 e6 4. Nc3 exd5 5. cxd5 d6 6. e4 g6 7. f3 Bg7 8. Bg5
O-O 9. Nge2 Bd7 10. Ng3 Na6 11. Qd2 Nc7 12. Be2 b5 13. O-O Rb8 14. a4 bxa4 15.
Nxa4 Rb4 16. Nc3 Qb8 1/2-1/2

[Event "Championnat de France 2006 - Accession"]
[Site "BESANCON"]
[Date "2006.08.19"]
[Round "5.3"]
[White "Chernuschevich, Alexei"]
[Black "Feller, Sebastien"]
[Result "1/2-1/2"]
[WhiteElo "2524"]
[BlackElo "2345"]
[PlyCount "112"]
[EventDate "2006.??.??"]

1. d4 d5 2. Nf3 Nf6 3. c4 c6 4. e3 a6 5. Bd3 Bg4 6. Nbd2 e6 7. Qc2 Nbd7 8. b3
Bd6 9. Bb2 Qb8 10. Rc1 a5 11. O-O O-O 12. h3 Bh5 13. a3 Re8 14. Rfe1 Bg6 15.
Bxg6 hxg6 16. e4 dxe4 17. Nxe4 Nxe4 18. Qxe4 Be7 19. Rcd1 Qc7 20. Qc2 Bf6 21.
Nd2 Be7 22. Nf1 Rad8 23. Ne3 Nf6 24. c5 b5 25. cxb6 Qxb6 26. Nc4 Qa6 27. Ne5
Rc8 28. Qc4 Qb7 29. Rc1 c5 30. Qa4 cxd4 31. Bxd4 Rxc1 32. Rxc1 Qe4 33. Nc6 Bd6
34. Bxf6 Qxa4 35. bxa4 gxf6 36. Nxa5 Bxa3 37. Ra1 Bc5 38. Nb3 Ba7 39. Ra2 Rb8
40. Nd2 Rb4 41. Kf1 e5 42. a5 f5 43. Ke2 e4 44. Rc2 Ra4 45. Nc4 Kg7 46. f3 Bb8
47. Ke3 Ba7+ 48. Ke2 Bb8 49. Ke3 exf3 50. Kxf3 Bc7 51. Nb6 Ra3+ 52. Ke2 Bxb6
53. axb6 Rb3 54. Rc6 f4 55. h4 Kh6 56. Rf6 Kg7 1/2-1/2

[Event "Championnat de France 2006 - Accession"]
[Site "BESANCON"]
[Date "2006.08.19"]
[Round "5.4"]
[White "Govciyan, Pavel"]
[Black "Bedouin, Xavier"]
[Result "1-0"]
[WhiteElo "2397"]
[BlackElo "2294"]
[PlyCount "35"]
[EventDate "2006.??.??"]

1. d4 d5 2. Nf3 Nf6 3. a3 e6 4. Bf4 Be7 5. e3 O-O 6. Nbd2 Nbd7 7. Bd3 b6 8. Ne5
Bb7 9. Qf3 c5 10. c3 Rc8 11. g4 b5 12. Rg1 b4 13. g5 bxc3 14. bxc3 Nxe5 15.
Bxe5 Nd7 16. Bxh7+ Kxh7 17. Qh5+ Kg8 18. Bxg7 1-0

[Event "Championnat de France 2006 - Accession"]
[Site "BESANCON"]
[Date "2006.08.19"]
[Round "5.5"]
[White "Bijaoui, Manuel"]
[Black "Robin, Samy"]
[Result "1-0"]
[WhiteElo "2363"]
[BlackElo "2289"]
[PlyCount "70"]
[EventDate "2006.??.??"]

1. e4 e6 2. d4 d5 3. Nd2 Nf6 4. e5 Nfd7 5. Bd3 c5 6. c3 Nc6 7. Ne2 cxd4 8. cxd4
Qb6 9. Nf3 f6 10. exf6 Nxf6 11. O-O Bd6 12. b3 O-O 13. Bb2 a5 14. a3 Bd7 15.
Nc3 Ne7 16. Re1 Rac8 17. Ne5 Bxe5 18. Rxe5 Nc6 19. Na4 Qc7 20. Re1 Rce8 21. Rc1
Bc8 22. f3 Qd6 23. Bb5 Re7 24. Qd2 Nh5 25. Bxc6 bxc6 26. Qxa5 Nf4 27. Qd2 e5
28. Rxe5 Rxe5 29. dxe5 Qh6 30. Rd1 Ba6 31. Nc3 Rf5 32. g3 Qg6 33. Qe3 h5 34.
Kh1 Ne6 35. Qb6 Rxe5 1-0

[Event "Championnat de France 2006 - Accession"]
[Site "BESANCON"]
[Date "2006.08.19"]
[Round "5.6"]
[White "Naudier, Serge"]
[Black "Riff, Vincent"]
[Result "1/2-1/2"]
[WhiteElo "2277"]
[BlackElo "2328"]
[PlyCount "32"]
[EventDate "2006.??.??"]

1. e4 c5 2. Nf3 Nc6 3. Bb5 d6 4. Bxc6+ bxc6 5. O-O e5 6. c3 f5 7. Qa4 Nf6 8. d4
cxd4 9. cxd4 Nxe4 10. dxe5 Qb6 11. exd6 Bxd6 12. Nc3 Nxc3 13. bxc3 O-O 14. Rd1
Qc7 15. Rxd6 Qxd6 16. Ba3 c5 1/2-1/2

[Event "Championnat de France 2006 - Accession"]
[Site "BESANCON"]
[Date "2006.08.19"]
[Round "5.7"]
[White "David, Vincent"]
[Black "Bleunven, Andre"]
[Result "0-1"]
[WhiteElo "2327"]
[BlackElo "2276"]
[PlyCount "94"]
[EventDate "2006.??.??"]

1. d4 Nf6 2. c4 e6 3. Nf3 c5 4. Nc3 cxd4 5. Nxd4 Bb4 6. Ndb5 d5 7. cxd5 exd5 8.
a3 Bxc3+ 9. Nxc3 d4 10. Nb1 O-O 11. g3 Qd5 12. f3 Nc6 13. Bg2 Qh5 14. O-O Bh3
15. e4 dxe3 16. Bxe3 Qe5 17. Qc1 Nd4 18. Bxd4 Qxd4+ 19. Kh1 Bxg2+ 20. Kxg2 Nd5
21. Rf2 Ne3+ 22. Kh1 Nc4 23. Qc2 Rac8 24. Nc3 Nxb2 25. Qxb2 Rxc3 26. Kg2 b6 27.
a4 a5 28. Ra3 Rc4 29. Qxd4 Rxd4 30. Rb2 Rc8 31. Rab3 Rxa4 32. Rxb6 g6 33. g4
Rc3 34. Rf6 Kg7 35. g5 Rc7 36. Kg3 h6 37. h4 hxg5 38. hxg5 Rd4 39. Rb3 Ra7 40.
Ra3 a4 41. Rf4 Rxf4 42. Kxf4 Kf8 43. Ke4 Ke7 44. Kd5 Ra5+ 45. Kc6 Rxg5 46. Rxa4
Rf5 47. Re4+ Kf6 0-1

[Event "Championnat de France 2006 - Accession"]
[Site "BESANCON"]
[Date "2006.08.19"]
[Round "5.8"]
[White "Pucher, Olivier"]
[Black "Letreguilly, Olivier"]
[Result "0-1"]
[WhiteElo "2257"]
[BlackElo "2313"]
[PlyCount "94"]
[EventDate "2006.??.??"]

1. d4 e6 2. Nf3 Nf6 3. c4 Bb4+ 4. Bd2 Qe7 5. g3 Nc6 6. Bg2 Bxd2+ 7. Nbxd2 d6 8.
O-O e5 9. e3 O-O 10. Qb3 a5 11. Rac1 h6 12. c5 e4 13. cxd6 cxd6 14. Ne1 Nb4 15.
a3 Be6 16. Qd1 Bg4 17. f3 exf3 18. Bxf3 Qxe3+ 19. Kh1 Nbd5 20. Nc4 Qe6 21. Ng2
b5 22. Re1 Qf5 23. Bxg4 Nxg4 24. Nce3 Nf2+ 25. Kg1 Nh3+ 26. Kh1 Nf2+ 27. Kg1
Nh3+ 28. Kh1 Nxe3 29. Nxe3 Qe4+ 30. Ng2 Nf2+ 31. Kg1 Nxd1 32. Rxe4 Nxb2 33. Re7
Rac8 34. Rb1 Nd3 35. Re3 Rc1+ 36. Rxc1 Nxc1 37. Nf4 b4 38. axb4 axb4 39. Re1
Na2 40. Nd3 Rb8 41. Re2 b3 42. Rb2 f5 43. Kg2 Kf7 44. Kf3 g5 45. h4 Ke6 46.
hxg5 hxg5 47. Ke3 Nc3 0-1

[Event "Championnat de France 2006 - Accession"]
[Site "BESANCON"]
[Date "2006.08.19"]
[Round "5.9"]
[White "Alanic, Mickael"]
[Black "Olivier, Jean-Christophe"]
[Result "1/2-1/2"]
[WhiteElo "2246"]
[BlackElo "2392"]
[PlyCount "67"]
[EventDate "2006.??.??"]

1. e4 c5 2. Nf3 e6 3. d3 d5 4. Nbd2 Nc6 5. g3 Bd6 6. Bg2 Nge7 7. O-O O-O 8. Re1
Bd7 9. c3 b5 10. e5 Bc7 11. Nb3 c4 12. Nbd4 Qb8 13. Nxc6 Nxc6 14. d4 b4 15. Ng5
Ne7 16. Qc2 Ng6 17. h4 Rc8 18. f4 h6 19. f5 exf5 20. Nxf7 Be6 21. Nxh6+ gxh6
22. Bxd5 Bxd5 23. Qxf5 Ne7 24. Qf6 Qb6 25. e6 Rf8 26. Qxh6 Rf5 27. Bg5 Qd6 28.
Bf4 Rxf4 29. Qg5+ Kh7 30. Re5 Rf5 31. Rxf5 Nxf5 32. Qxf5+ Kg7 33. Qg5+ Kh7 34.
Qh5+ 1/2-1/2

[Event "Championnat de France 2006 - Accession"]
[Site "BESANCON"]
[Date "2006.08.19"]
[Round "5.10"]
[White "Crut, Aurelien"]
[Black "Jolly, Jean-Francois"]
[Result "0-1"]
[WhiteElo "2342"]
[BlackElo "2266"]
[PlyCount "96"]
[EventDate "2006.??.??"]

1. e4 c5 2. Nf3 Nc6 3. Bb5 e6 4. O-O Nge7 5. c3 a6 6. Ba4 b5 7. Bc2 d5 8. e5 d4
9. Be4 Nd5 10. a4 Rb8 11. axb5 axb5 12. cxd4 cxd4 13. d3 Be7 14. Nbd2 O-O 15.
Nb3 f5 16. exf6 Bxf6 17. Bd2 Qb6 18. Rc1 Nce7 19. Nc5 b4 20. Qb3 Qd6 21. Bg5
Rb6 22. Bxd5 Bxg5 23. Nxg5 Nxd5 24. Rfe1 Rc6 25. Nge4 Qf4 26. Qa4 Rc7 27. Qd1
Rcf7 28. Qe2 Qh4 29. g3 Qh6 30. Ra1 Qg6 31. Nd6 Nf4 32. Qe4 Nh3+ 33. Kg2 Rxf2+
34. Kh1 R2f5 35. Nxf5 Rxf5 36. Qc6 Rxc5 37. Qg2 Qg4 38. Rec1 Rxc1+ 39. Rxc1 Bd7
40. Qa8+ Kf7 41. Qb7 e5 42. Qd5+ Kg6 43. Rf1 h6 44. b3 Kh7 45. Qb7 Qe2 46. Rc1
Bg4 47. Qxg7+ Kxg7 48. Rc7+ Bd7 0-1

[Event "Championnat de France 2006 - Accession"]
[Site "BESANCON"]
[Date "2006.08.19"]
[Round "5.11"]
[White "Sanchez, Nicolas"]
[Black "Fargere, Francois"]
[Result "1/2-1/2"]
[WhiteElo "2188"]
[BlackElo "2311"]
[PlyCount "86"]
[EventDate "2006.??.??"]

1. d4 d5 2. Nf3 Nf6 3. c4 c6 4. Nc3 e6 5. Bg5 h6 6. Bh4 dxc4 7. e4 g5 8. Bg3 b5
9. Be2 Bb7 10. Ne5 h5 11. h4 g4 12. f3 Nbd7 13. Nxd7 Qxd7 14. Be5 Rh6 15. Qd2
Rg6 16. O-O-O O-O-O 17. Qe3 Qe7 18. Kb1 Bh6 19. Bf4 gxf3 20. gxf3 Bxf4 21. Qxf4
Qc7 22. Qc1 Kb8 23. e5 Nd7 24. f4 Rh8 25. Rhf1 f5 26. Rg1 Rg4 27. Bxg4 hxg4 28.
Qe3 Nb6 29. d5 exd5 30. Qc5 b4 31. Ne2 Nd7 32. Qe7 c5 33. h5 d4 34. Ng3 c3 35.
Qg7 Rd8 36. e6 b3 37. a3 Qb6 38. e7 Rc8 39. Qf7 Nf6 40. Rde1 Ne8 41. Qe6 Rc6
42. Qg8 Rc8 43. Qe6 Rc6 1/2-1/2

[Event "Championnat de France 2006 - Accession"]
[Site "BESANCON"]
[Date "2006.08.19"]
[Round "5.12"]
[White "Karim, Ismael"]
[Black "Van Elst, Andreas"]
[Result "1/2-1/2"]
[WhiteElo "2288"]
[BlackElo "2258"]
[PlyCount "52"]
[EventDate "2006.??.??"]

1. e4 c5 2. Nf3 e6 3. d4 cxd4 4. Nxd4 a6 5. Bd3 Nf6 6. O-O Qc7 7. Nd2 d6 8. a4
b6 9. a5 bxa5 10. Nc4 d5 11. exd5 Nxd5 12. Re1 Be7 13. Bd2 Nd7 14. Rxe6 O-O 15.
Re1 N7f6 16. Bxa5 Qf4 17. Qd2 Bc5 18. Nb3 Ba7 19. Qxf4 Nxf4 20. Be4 Nxe4 21.
Rxe4 g5 22. Ne3 Be6 23. Bc7 Rfc8 24. Bxf4 gxf4 25. Rxf4 Bxe3 26. fxe3 Rxc2
1/2-1/2

[Event "Championnat de France 2006 - Accession"]
[Site "BESANCON"]
[Date "2006.08.19"]
[Round "5.13"]
[White "Debray, Christopher"]
[Black "Alanic, Xavier"]
[Result "0-1"]
[WhiteElo "2284"]
[BlackElo "2202"]
[PlyCount "98"]
[EventDate "2006.??.??"]

1. e4 c6 2. d4 d5 3. Nc3 dxe4 4. Nxe4 Nd7 5. Bc4 Ngf6 6. Ng5 e6 7. N1f3 h6 8.
Nh3 g5 9. g4 Be7 10. Qe2 Nb6 11. Bb3 Nxg4 12. Bd2 Nf6 13. O-O-O g4 14. Ne5 gxh3
15. Rhg1 Qxd4 16. Rge1 Nbd5 17. c4 Nb6 18. a4 Nbd7 19. Nxf7 Nc5 20. Nxh8 Nxb3+
21. Kb1 Nxd2+ 22. Rxd2 Qf4 23. Qd3 Qg5 24. Ng6 Bd7 25. f4 Qc5 26. Nxe7 Qxe7 27.
Qg6+ Qf7 28. Qxh6 O-O-O 29. Red1 Qh7+ 30. Qxh7 Nxh7 31. Ka2 Nf6 32. Re1 Rh8 33.
Rg1 Rh4 34. Rd3 Rxf4 35. Rxh3 e5 36. Rh8+ Kc7 37. b3 a5 38. h4 Rf2+ 39. Ka3 Ne4
40. h5 Nc3 41. b4 Rf3 42. Kb2 axb4 43. h6 Nxa4+ 44. Kc1 b3 45. Rh7 b2+ 46. Kd2
Rh3 47. c5 Rh2+ 48. Ke3 Nc3 49. Rg2 Rh3+ 0-1

[Event "Championnat de France 2006 - Accession"]
[Site "BESANCON"]
[Date "2006.08.19"]
[Round "5.14"]
[White "Frederic, Clement"]
[Black "Philippe, Christophe"]
[Result "0-1"]
[WhiteElo "2183"]
[BlackElo "2411"]
[PlyCount "72"]
[EventDate "2006.??.??"]

1. e4 c5 2. Nf3 Nc6 3. d4 cxd4 4. Nxd4 Nf6 5. Nc3 e5 6. Ndb5 d6 7. Nd5 Nxd5 8.
exd5 Nb8 9. c4 Be7 10. Bd3 O-O 11. Be3 f5 12. f3 a6 13. Nc3 Bh4+ 14. g3 Bg5 15.
Bxg5 Qxg5 16. Qd2 Qf6 17. O-O-O Nd7 18. g4 e4 19. fxe4 f4 20. e5 Nxe5 21. h4
Bxg4 22. Rdf1 Rac8 23. Rhg1 f3 24. Ne4 Nxd3+ 25. Qxd3 Qf4+ 26. Nd2 b5 27. b3
bxc4 28. bxc4 Rfe8 29. Rxg4 Qxg4 30. Rxf3 Re1+ 31. Kc2 Rg1 32. Qa3 Rg2 33. Kc1
Qxh4 34. Qe3 Qg4 35. Qe7 Rxc4+ 36. Kd1 Rxd2+ 0-1

[Event "Championnat de France 2006 - Accession"]
[Site "BESANCON"]
[Date "2006.08.19"]
[Round "5.15"]
[White "Khairallah, Faisal"]
[Black "Seret, Jean-Luc"]
[Result "1-0"]
[WhiteElo "2248"]
[BlackElo "2378"]
[PlyCount "91"]
[EventDate "2006.??.??"]

1. e4 d6 2. d4 Nf6 3. Nc3 Nbd7 4. f4 e5 5. Nf3 exd4 6. Qxd4 c6 7. Be3 d5 8.
O-O-O Bc5 9. Qd2 Bb4 10. exd5 Nxd5 11. Bd4 O-O 12. Bc4 N5b6 13. Bb3 c5 14. Be3
c4 15. Bxb6 axb6 16. Bxc4 Qc7 17. Qd4 Bxc3 18. Qxc3 Qxf4+ 19. Kb1 Nc5 20. Ne5
Be6 21. Rdf1 Qe4 22. Re1 Bxc4 23. Rxe4 Nxe4 24. Qd4 Bxa2+ 25. Kc1 Be6 26. b3
Nc5 27. Kb2 Rfd8 28. Qf4 Rac8 29. Kb1 b5 30. Rf1 f6 31. Nf3 Bf7 32. Nd4 Bg6 33.
Nf5 Kh8 34. Kb2 Ne6 35. Qb4 Rd5 36. g4 Re5 37. Rf2 Ng5 38. Ne7 Re8 39. Nxg6+
hxg6 40. Rd2 Nf3 41. Rd7 Rc8 42. Qd6 Nxh2 43. g5 Ng4 44. gxf6 Nxf6 45. Qxe5
Nxd7 46. Qe6 1-0

[Event "Championnat de France 2006 - Accession"]
[Site "BESANCON"]
[Date "2006.08.19"]
[Round "5.21"]
[White "Moussard, Jules"]
[Black "Therkildsen, Thomas"]
[Result "1/2-1/2"]
[WhiteElo "2178"]
[BlackElo "2285"]
[PlyCount "72"]
[EventDate "2006.??.??"]

1. e4 Nf6 2. Nc3 d5 3. exd5 Nxd5 4. Bc4 e6 5. Nf3 Be7 6. O-O O-O 7. d4 b6 8.
Re1 Bb7 9. Ne4 Nd7 10. c3 c5 11. Bd3 cxd4 12. cxd4 Nb4 13. Bb1 Nf6 14. Nxf6+
Bxf6 15. a3 Nc6 16. Be3 Ne7 17. Ng5 g6 18. Ne4 Bxe4 19. Bxe4 Nd5 20. Bh6 Re8
21. Qd2 Rc8 22. Rac1 Qd6 23. g3 Ne7 24. Be3 Qd7 25. Rc2 Rxc2 26. Bxc2 Qd5 27.
Qd3 Rd8 28. Bb3 Qf3 29. Qa6 Nf5 30. Qxa7 Bxd4 31. Bxd4 Rxd4 32. Qxb6 h5 33. Bc2
Nh4 34. gxh4 Qg4+ 35. Kh1 Qf3+ 36. Kg1 Qg4+ 1/2-1/2

[Event "Championnat de France 2006 - Open A"]
[Site "BESANCON"]
[Date "2006.08.19"]
[Round "5.1"]
[White "Marie, Maxime"]
[Black "Adda, Olivier"]
[Result "1/2-1/2"]
[WhiteElo "2165"]
[BlackElo "2142"]
[PlyCount "95"]
[EventDate "2006.??.??"]

1. e4 e5 2. Bc4 Nc6 3. Nc3 Nf6 4. d3 Bb4 5. Bg5 h6 6. Bh4 Na5 7. Bb3 Nxb3 8.
axb3 d6 9. Nge2 c6 10. O-O g5 11. Bg3 h5 12. h4 Ng4 13. hxg5 h4 14. Bh2 h3 15.
g3 Qxg5 16. d4 O-O 17. Qd3 exd4 18. f4 Qg7 19. Nxd4 Bc5 20. Rad1 b6 21. Na4 Ba6
22. c4 Rad8 23. Kh1 b5 24. Nf5 Qf6 25. Qf3 Nh6 26. Nxc5 dxc5 27. g4 Nxf5 28.
gxf5 Rxd1 29. Qg4+ Qg7 30. Qxg7+ Kxg7 31. Rxd1 bxc4 32. Bg1 cxb3 33. Bxc5 Re8
34. e5 Bc8 35. Rg1+ Kh6 36. Rg5 Rd8 37. Bd6 c5 38. Bxc5 Rd2 39. Bf8+ Kh7 40.
Rg7+ Kh8 41. Rxf7 Ba6 42. Bb4 Rc2 43. Rd7 Bb5 44. Rd2 Rxd2 45. Bxd2 Bd3 46. f6
Bf5 47. Bc3 Kg8 48. Kh2 1/2-1/2

[Event "Championnat de France 2006 - Open A"]
[Site "BESANCON"]
[Date "2006.08.19"]
[Round "5.2"]
[White "Fischer, Marc"]
[Black "Debeaune, Robin"]
[Result "1/2-1/2"]
[WhiteElo "2146"]
[BlackElo "2150"]
[PlyCount "129"]
[EventDate "2006.??.??"]

1. c4 Nf6 2. g3 g6 3. Bg2 Bg7 4. Nc3 O-O 5. e3 c6 6. Nge2 Na6 7. O-O Nc7 8. b4
d5 9. c5 a5 10. bxa5 Nd7 11. d4 e5 12. Rb1 Ne6 13. f4 exd4 14. exd4 Qxa5 15.
Qd3 f5 16. Rb3 Qd8 17. Be3 Nf6 18. h3 Ne4 19. Nxe4 fxe4 20. Qd2 Qa5 21. Nc3 b5
22. cxb6 Ba6 23. Re1 Bc4 24. b7 Rab8 25. Nxe4 Qxd2 26. Nxd2 Bxb3 27. Nxb3 Rxb7
28. Bf2 Re7 29. Rc1 Rc7 30. h4 Kf7 31. Bh3 Ra8 32. Rc2 Bf6 33. a4 Ng7 34. Bg2
Rcc8 35. Nc5 Nf5 36. Rd2 Be7 37. Nd7 Rxa4 38. Kh2 Rb4 39. Rc2 Ke6 40. Ne5 Kd6
41. Nf7+ Ke6 42. Ne5 Rc7 43. Nxc6 Rc4 44. Re2+ Kf6 45. Nxe7 Rxe7 46. Rd2 Rec7
47. Bxd5 Rc2 48. Rxc2 Rxc2 49. Kg1 Rc1+ 50. Kg2 Rd1 51. Be4 Nxd4 52. Bxd4+ Rxd4
53. Kf3 Ra4 54. h5 Ra3+ 55. Kf2 gxh5 56. Bxh7 Ra2+ 57. Kf3 Ra3+ 58. Kf2 h4 59.
gxh4 Rh3 60. Be4 Rxh4 61. Kg3 Rh8 62. Kg4 Rg8+ 63. Kf3 Ke6 64. Bc2 Rc8 65. Be4
1/2-1/2

[Event "Championnat de France 2006 - Open A"]
[Site "BESANCON"]
[Date "2006.08.19"]
[Round "5.3"]
[White "Vilaisarn, Akkhavanh"]
[Black "Debray, Tristan"]
[Result "1-0"]
[WhiteElo "2190"]
[BlackElo "2126"]
[PlyCount "55"]
[EventDate "2006.??.??"]

1. d4 d5 2. Nf3 Nf6 3. Bf4 e6 4. e3 Bd6 5. Ne5 Nbd7 6. Nd2 O-O 7. Bd3 Qe7 8.
Bg3 c5 9. c3 Re8 10. f4 Nf8 11. Ndf3 a6 12. O-O b5 13. Ng5 b4 14. Ngxf7 Bxe5
15. Nxe5 c4 16. Bc2 bxc3 17. bxc3 Qa3 18. Qc1 Qa5 19. Bh4 N8d7 20. Qe1 g6 21.
Qg3 Ne4 22. Bxe4 Nxe5 23. fxe5 dxe4 24. Qf4 Ra7 25. Bg5 Qxc3 26. Bh6 Qa3 27.
Rf2 c3 28. Raf1 1-0

[Event "Championnat de France 2006 - Open A"]
[Site "BESANCON"]
[Date "2006.08.19"]
[Round "5.4"]
[White "Lewis, John"]
[Black "Oliveira, Sancho"]
[Result "1/2-1/2"]
[WhiteElo "2112"]
[BlackElo "2172"]
[PlyCount "45"]
[EventDate "2006.??.??"]

1. d4 d5 2. c4 c6 3. Nf3 Nf6 4. e3 e6 5. Bd3 Nbd7 6. O-O c5 7. cxd5 exd5 8. Nc3
Bd6 9. e4 dxe4 10. Nxe4 Nxe4 11. Bxe4 Nf6 12. dxc5 Nxe4 13. cxd6 O-O 14. Qd5
Nf6 15. Qd4 Be6 16. Bg5 h6 17. Bh4 g5 18. Bg3 Nh5 19. Nd2 Qb6 20. Qxb6 axb6 21.
a3 Nxg3 22. hxg3 Rfd8 23. Rfd1 1/2-1/2

[Event "Championnat de France 2006 - Open A"]
[Site "BESANCON"]
[Date "2006.08.19"]
[Round "5.5"]
[White "Gaubil, Olivier"]
[Black "Entem, Alan"]
[Result "1-0"]
[WhiteElo "2103"]
[BlackElo "2144"]
[PlyCount "70"]
[EventDate "2006.??.??"]

1. Nf3 g6 2. d4 Bg7 3. c4 Nf6 4. g3 O-O 5. Bg2 d6 6. O-O c5 7. Nc3 Nc6 8. d5
Na5 9. Nd2 a6 10. Qc2 Rb8 11. b3 b5 12. Bb2 Bh6 13. f4 bxc4 14. bxc4 e5 15.
dxe6 Bxe6 16. Bd5 Ng4 17. Nce4 Bxd5 18. cxd5 f5 19. Ng5 Bxg5 20. fxg5 Qxg5 21.
Rf4 Rfe8 22. Qc3 Ne5 23. Raf1 Qd8 24. e4 Qb6 25. Ba1 c4+ 26. Kh1 Qc5 27. h3 Rf8
28. Nf3 Rbe8 29. Ng5 Qb5 30. Ne6 Rf7 31. Kh2 Nb7 32. g4 Nc5 33. gxf5 gxf5 34.
Rg1+ Rg7 35. Rxg7+ Kh8 1-0

[Event "Championnat de France 2006 - Open A"]
[Site "BESANCON"]
[Date "2006.08.19"]
[Round "5.6"]
[White "Colliou, Yannick"]
[Black "Duverne, Jean-Marie"]
[Result "1/2-1/2"]
[WhiteElo "2197"]
[BlackElo "2089"]
[PlyCount "36"]
[EventDate "2006.??.??"]

1. Nf3 Nf6 2. c4 g6 3. g3 Bg7 4. Bg2 O-O 5. O-O d6 6. d4 c6 7. Nc3 Nbd7 8. Re1
e5 9. e4 Re8 10. Rb1 a5 11. d5 cxd5 12. cxd5 Nc5 13. h3 b5 14. b4 axb4 15. Rxb4
Qa5 16. a3 Na6 17. Rb3 Nc5 18. Rb4 Na6 1/2-1/2

[Event "Championnat de France 2006 - Open A"]
[Site "BESANCON"]
[Date "2006.08.19"]
[Round "5.7"]
[White "Berthier, Hugo"]
[Black "Bodenez, Vincent"]
[Result "0-1"]
[WhiteElo "2056"]
[BlackElo "2194"]
[PlyCount "50"]
[EventDate "2006.??.??"]

1. Nf3 Nf6 2. c4 e6 3. Nc3 d5 4. d4 c6 5. Bg5 h6 6. Bh4 dxc4 7. e4 g5 8. Bg3 b5
9. Be2 Bb7 10. h4 Rg8 11. hxg5 hxg5 12. e5 Nd5 13. Rh7 Nd7 14. Nd2 Nxc3 15.
bxc3 c5 16. Bh5 Rg7 17. Bxf7+ Rxf7 18. Rxf7 Kxf7 19. Qh5+ Kg7 20. O-O-O Be7 21.
Rh1 Qh8 22. Qd1 Qe8 23. Nf3 Qg6 24. dxc5 Nxc5 25. Nd4 b4 0-1

[Event "Championnat de France 2006 - Open A"]
[Site "BESANCON"]
[Date "2006.08.19"]
[Round "5.8"]
[White "Martinez, Vincent"]
[Black "Prouteau, Thomas"]
[Result "1-0"]
[WhiteElo "2158"]
[BlackElo "2080"]
[PlyCount "31"]
[EventDate "2006.??.??"]

1. d4 d5 2. Nf3 Nf6 3. e3 Bg4 4. h3 Bh5 5. g4 Bg6 6. Ne5 e6 7. h4 Qd6 8. Nc3 c6
9. h5 Be4 10. f3 Nxg4 11. Nxe4 dxe4 12. Nxg4 Qg3+ 13. Nf2 Nd7 14. fxe4 O-O-O
15. Bd2 Ne5 16. dxe5 1-0

[Event "Championnat de France 2006 - Open A"]
[Site "BESANCON"]
[Date "2006.08.19"]
[Round "5.9"]
[White "Rigolot, Matthieu"]
[Black "Lacroix, Romain"]
[Result "1-0"]
[WhiteElo "2153"]
[BlackElo "2075"]
[PlyCount "99"]
[EventDate "2006.??.??"]

1. d4 d5 2. c4 c6 3. Nf3 Nf6 4. e3 e6 5. Nbd2 Nbd7 6. b3 Bd6 7. Bb2 O-O 8. Bd3
b6 9. O-O Bb7 10. Qe2 c5 11. e4 dxe4 12. Nxe4 Nxe4 13. Bxe4 Bxe4 14. Qxe4 Nf6
15. Qe2 Qe7 16. Rad1 Rad8 17. Rd3 Rfe8 18. Rfd1 h6 19. Ne5 Qc7 20. dxc5 Bxc5
21. Ng4 Nxg4 22. Qxg4 Bf8 23. Bf6 Rxd3 24. Rxd3 Kh7 25. h4 g6 26. h5 Bg7 27.
hxg6+ fxg6 28. Qd4 Bxf6 29. Qxf6 Qe7 30. Qd4 Rf8 31. Qd6 Rf7 32. b4 Qxd6 33.
Rxd6 Rc7 34. c5 bxc5 35. bxc5 Rxc5 36. Rd7+ Kg8 37. Rxa7 Rc2 38. g3 e5 39. a4
Ra2 40. a5 e4 41. a6 Kh8 42. Kf1 Kg8 43. Ke1 h5 44. Kd1 Rxf2 45. Rb7 Ra2 46. a7
g5 47. Rb8+ Kf7 48. a8=Q Rxa8 49. Rxa8 Kf6 50. Ra5 1-0

[Event "Championnat de France 2006 - Open A"]
[Site "BESANCON"]
[Date "2006.08.19"]
[Round "5.10"]
[White "Faure, Stephane"]
[Black "Arslan, Victor"]
[Result "1-0"]
[WhiteElo "2143"]
[BlackElo "2064"]
[PlyCount "85"]
[EventDate "2006.??.??"]

1. d4 Nf6 2. Nf3 c5 3. d5 e6 4. c4 exd5 5. cxd5 d6 6. Nc3 g6 7. g3 Bg7 8. Bg2
O-O 9. Nd2 Na6 10. Nc4 Nc7 11. a4 Nh5 12. O-O f5 13. Ra3 b6 14. f4 Ba6 15. Qb3
Re8 16. Re1 Nf6 17. Bd2 Ng4 18. Nb5 Bxb5 19. axb5 Qd7 20. Qa4 Bxb2 21. Nxb2
Qxb5 22. Qxb5 Nxb5 23. Rd3 Nf6 24. Nc4 Ne4 25. Bc1 Nd4 26. Bb2 b5 27. Na3 b4
28. Bxd4 cxd4 29. Nb5 Nc3 30. Nxd4 a5 31. Kf2 a4 32. Nc6 Na2 33. Rb1 b3 34. g4
Ra6 35. gxf5 gxf5 36. Bh3 Rb6 37. Bxf5 Nb4 38. Rg3+ Kf8 39. Nxb4 Rxb4 40. Be6
Ke7 41. Rg7+ Kf6 42. Rf7+ Kg6 43. Rg1+ 1-0

[Event "Championnat de France 2006 - Open B"]
[Site "BESANCON"]
[Date "2006.08.19"]
[Round "5.1"]
[White "Tardif, Olivier"]
[Black "Marceline, Philippe"]
[Result "0-1"]
[WhiteElo "1979"]
[BlackElo "1880"]
[PlyCount "110"]
[EventDate "2006.??.??"]

1. e4 Nf6 2. e5 Nd5 3. d4 d6 4. c4 Nb6 5. Nf3 Bg4 6. e6 Bxe6 7. Ng5 Qd7 8. d5
Bg4 9. Be2 Bxe2 10. Qxe2 h6 11. Ne6 fxe6 12. dxe6 Qc6 13. Qh5+ Kd8 14. O-O Qxc4
15. Re1 Nc6 16. Nc3 Nd4 17. Qg6 Qc5 18. Qd3 Qc4 19. Qe4 Nxe6 20. Qxe6 Qxe6 21.
Rxe6 Kd7 22. Rg6 e5 23. f4 exf4 24. Bxf4 Re8 25. Rc1 a6 26. Rf1 Re6 27. Rg3 g5
28. Bc1 Bg7 29. Rf7+ Re7 30. Rgf3 Rhe8 31. Ne4 Rxf7 32. Rxf7+ Re7 33. Rxe7+
Kxe7 34. b3 Ke6 35. Kf2 Be5 36. h3 Nd5 37. Kf3 Nc3 38. Nxc3 Bxc3 39. h4 gxh4
40. Bxh6 Kf5 41. Bf4 Be5 42. Bd2 d5 43. a4 c5 44. Be1 Bf6 45. g4+ hxg3 46. Bxg3
Bc3 47. Ke3 b5 48. axb5 axb5 49. Kd3 Be5 50. Bf2 c4+ 51. bxc4 dxc4+ 52. Kc2 b4
53. Be1 b3+ 54. Kb1 Ke4 55. Bd2 Kd3 0-1

[Event "Championnat de France 2006 - Open B"]
[Site "BESANCON"]
[Date "2006.08.19"]
[Round "5.2"]
[White "Le, Samuel"]
[Black "Grandadam, Patrick"]
[Result "1-0"]
[WhiteElo "1937"]
[BlackElo "1830"]
[PlyCount "143"]
[EventDate "2006.??.??"]

1. e4 e6 2. d4 d5 3. Nd2 c5 4. Ngf3 cxd4 5. Nxd4 Nc6 6. Nxc6 bxc6 7. Bd3 Bd6 8.
O-O Qc7 9. Nf3 Bd7 10. Re1 Bf4 11. c4 Ne7 12. Bd2 Bxd2 13. Qxd2 O-O 14. Rac1
Qb7 15. exd5 cxd5 16. cxd5 Nxd5 17. Be4 Bc6 18. Qc2 Rac8 19. Bxh7+ Kh8 20. Qe4
Qe7 21. Ne5 Ba8 22. Bg6 Rxc1 23. Rxc1 Nf6 24. Qh4+ Kg8 25. Bh7+ Kh8 26. Bg6+
Kg8 27. Bh7+ Kh8 28. Be4+ Kg8 29. Bxa8 Rxa8 30. Ng4 Rd8 31. Kf1 Qd7 32. Nxf6+
gxf6 33. Qg3+ Kf8 34. Qa3+ Ke8 35. Qc3 Qb5+ 36. Ke1 Qf5 37. Qc6+ Ke7 38. Qc5+
Qxc5 39. Rxc5 Kd6 40. Rc3 Rb8 41. b3 Rb7 42. h4 Ke7 43. Kd2 f5 44. Rg3 Kf6 45.
Rg8 Ke5 46. h5 f6 47. Rh8 Kf4 48. h6 e5 49. h7 e4 50. Ke2 Re7 51. b4 Ke5 52. g3
f4 53. g4 f3+ 54. Ke3 Ke6 55. Kxe4 Kf7+ 56. Kxf3 Kg7 57. Rf8 Kxh7 58. Rxf6 Kg7
59. Rf5 Kg6 60. Ra5 Rb7 61. b5 Kf6 62. a4 Kg6 63. Kf4 Kf6 64. Ra6+ Kg7 65. Kg5
Kf8 66. f4 Kg7 67. f5 Kf7 68. Rh6 Kg7 69. f6+ Kg8 70. Kg6 a6 71. f7+ Rxf7 72.
Rh8+ 1-0